Jak být úspěšný?
Predpoklady úspešnosti: bezpodmienečné plnenie pracovných povinností: prejavovať za každých okolností láskavosť a vľúdnosť, nevyhýbať sa plneniu obtiažnych úloh a využívať skúsenosti iných.
Gespeichert in:
| 1. Verfasser: | |
|---|---|
| Format: | Buchkapitel |
| Sprache: | Tschechisch |
| Schlagworte: | |
| Tags: |
Keine Tags, Fügen Sie das erste Tag hinzu!
|
MARC
| LEADER | 00000naa a2200000 4500 | ||
|---|---|---|---|
| 001 | r007513 | ||
| 005 | 20220831085113.5 | ||
| 041 | 0 | |a cze | |
| 044 | |a [CS] | ||
| 245 | 1 | 0 | |a Jak být úspěšný? |c C. Čejpa |
| 520 | |a Predpoklady úspešnosti: bezpodmienečné plnenie pracovných povinností: prejavovať za každých okolností láskavosť a vľúdnosť, nevyhýbať sa plneniu obtiažnych úloh a využívať skúsenosti iných. | ||
| 610 | 2 | 0 | |a úspech pracovný |
| 610 | 2 | 0 | |a pracovníci |
| 610 | 2 | 0 | |a povinnosti pracovníkov |
| 610 | 2 | 0 | |a vzťahy pracovné |
| 610 | 2 | 0 | |a vzťahy medziľudské |
| 100 | 1 | |a Čejpa, C. | |